Cleveland Cavaliers 2018-19 Roster - Statistics

General Stats
  • This quiz has been taken 138 times
  • The average score is 9 of 17
Answer Stats
Nbr Post Player % Correct
0 PF Kevin Love
100%
13 C Tristan Thompson
89%
5 SG J.R. Smith
73%
6 PG Collin Sexton
67%
16 SF Cedi Osman
66%
8 PG Jordan Clarkson
63%
22 PF Larry Nance Jr.
63%
- Head Coach Tyronn Lue
63%
1 SG Rodney Hood
51%
41 C Ante Zizic
49%
26 SG Kyle Korver
48%
3 PG George Hill
47%
9 F Channing Frye
30%
12 SG David Nwaba
19%
15 SF Sam Dekker
15%
10 SG John Holland
12%
20 SF Billy Preston
9%
No matching quizzes found
Score Distribution
Percent of People with Each Score
Percentile by Number Answered
Your Score History
You have not taken this quiz